000
00239nam a2200109Ia 4500
005
20251222175928.0
008
251222s9999||||xx |||||||||||||| ||spa||
082
_a
332.63/A52
100
_a
Amat, Oriol
245
0
_a
La Bolsa:
942
_c
LIB
999
_c
40924
_d
40924